000 00643cam a2200229 4500
001 M2057
008 090401t1995 xxu||||| |||| 00| 0 eng d
035 _a(Sirsi) u36267
041 _aeng
050 _a333.0062
090 _aRICS 1995/124A
110 _aRoyal Institution of Chartered Surveyors
_94900
245 _aBusiness information for chartered surveyors.
260 _aLondon
_bRICS
_c1995
300 _a1 folded sheet ; 21x10cm
350 _a0
650 _aBUSINESS INFORMATION
650 _aABOUT RICS-RICS MEMBERS
690 _aMANAGEMENT-BUSINESS MANAGEMENT-PROFESSIONAL PRACTICE
942 _n0
948 _c04/03/1997
999 _c90236
_d90236